000 01320nam0a2200325 4500
001 RU\NLR\BIBL_A\011485977
005 20260607065659.0
010 _a9785179827450
_bЭксклюзивная классика для школьников
_92000
021 _aRU
_b2017-67573
_94785
035 _a(RuMoRGB)009386293
035 _a(NLR Aleph) 011485977
090 _a11920243
_c11920243
100 _a20171002d2017 d y0rusy50 ca
101 0 _arus
102 _aRU
105 _aa zzzz||||0ay
200 1 _aЧетвертая высота
_eповесть
_fЕлена Ильина
_gхудожник Т. Хрычева
_e[для среднего школьного возраста]
210 _aМосква
_cАСТ
_dпеч. 2017
215 _a318, [1] с.
_cил.
_d21
225 1 _aШкольная классика
333 _a6+
686 _aШ9(2)6=Р72-434.1Королева
_2rubbk
686 0 _aШ9(2)62=Р7-4
700 1 _8rus
_7ca
_aИльина
_bЕ.
_cписательница
_f1901-1964
_gЕлена
_3RU\NLR\AUTH\7714077
_9123755
702 1 _4040
_7ca
_8rus
_aХрычева
_bТ. Ю.
_cиллюстратор
_gТатьяна Юрьевна
_984462
_3RU\NLR\AUTH\77101536
942 _cBOOK
980 _aNBR